<?xml version="1.0" encoding="UTF-8"?><?xml-stylesheet type="text/xsl" href="static/style.xsl"?><OAI-PMH xmlns="http://www.openarchives.org/OAI/2.0/" xmlns:xsi="http://www.w3.org/2001/XMLSchema-instance" xsi:schemaLocation="http://www.openarchives.org/OAI/2.0/ http://www.openarchives.org/OAI/2.0/OAI-PMH.xsd"><responseDate>2026-04-18T07:44:47Z</responseDate><request verb="GetRecord" identifier="oai:www.recercat.cat:2072/418296" metadataPrefix="marc">https://recercat.cat/oai/request</request><GetRecord><record><header><identifier>oai:recercat.cat:2072/418296</identifier><datestamp>2025-04-13T19:03:35Z</datestamp><setSpec>com_2072_98</setSpec><setSpec>col_2072_378193</setSpec></header><metadata><record xmlns="http://www.loc.gov/MARC21/slim" xmlns:dcterms="http://purl.org/dc/terms/" xmlns:xsi="http://www.w3.org/2001/XMLSchema-instance" xmlns:doc="http://www.lyncode.com/xoai" xsi:schemaLocation="http://www.loc.gov/MARC21/slim http://www.loc.gov/standards/marcxml/schema/MARC21slim.xsd">
   <leader>00925njm 22002777a 4500</leader>
   <datafield ind2=" " ind1=" " tag="042">
      <subfield code="a">dc</subfield>
   </datafield>
   <datafield ind2=" " ind1=" " tag="720">
      <subfield code="a">Rodríguez Bravo, Ángel</subfield>
      <subfield code="e">author</subfield>
   </datafield>
   <datafield ind2=" " ind1=" " tag="720">
      <subfield code="a">Lázaro Pernias, Patrícia</subfield>
      <subfield code="e">author</subfield>
   </datafield>
   <datafield ind2=" " ind1=" " tag="720">
      <subfield code="a">Montoya Vilar, Norminanda</subfield>
      <subfield code="e">author</subfield>
   </datafield>
   <datafield ind2=" " ind1=" " tag="720">
      <subfield code="a">Blanco, Josep Ma</subfield>
      <subfield code="e">author</subfield>
   </datafield>
   <datafield ind2=" " ind1=" " tag="720">
      <subfield code="a">Bernadas Suñé, Dolors</subfield>
      <subfield code="e">author</subfield>
   </datafield>
   <datafield ind2=" " ind1=" " tag="720">
      <subfield code="a">Tena Parera, Daniel</subfield>
      <subfield code="e">author</subfield>
   </datafield>
   <datafield ind2=" " ind1=" " tag="720">
      <subfield code="a">Longhi, Ludovico</subfield>
      <subfield code="e">author</subfield>
   </datafield>
   <datafield ind2=" " ind1=" " tag="720">
      <subfield code="a">Oliver i Comes, Josep Manuel</subfield>
      <subfield code="e">author</subfield>
   </datafield>
   <datafield ind2=" " ind1=" " tag="260">
      <subfield code="c">2003</subfield>
   </datafield>
   <datafield ind2=" " ind1=" " tag="520">
      <subfield code="a">Altres ajuts: DGCYT/PB98-0862</subfield>
   </datafield>
   <datafield ind2=" " ind1=" " tag="520">
      <subfield code="a">En este informe científico se exponen completos los resultados finales obtenidos en el proyecto de investigación "IDENTIFICACIÓN PERCEPTIVA DE LOCUTORES PARA LA ACÚSTICA FORENSE" financiado por el Ministerio de Ciencia y Tecnología (DGCYT PB98-0862). Estos resultados fueron publicados parcialmente en Actas del II Congreso de la Sociedad Española de Acústica Forense1 El objetivo de esta investigación es experimentar y validar un protocolo sistemático para realizar tests de discriminación auditiva en procedimientos de Ruedas de Reconocimiento de Voz (RRV). La investigación se ha realizado siguiendo el método de análisis instrumental2 y se ha desarrollado en 3 etapas: 1) búsqueda y formalización de las variables fundamentales que actúan en la memoria auditiva para el reconocimiento de una voz; 2) definición de las condiciones óptimas para las variables /duración del discurso/, /dependencia del texto/ y /estado emocional del hablante/ para estimular la memoria auditiva y 3) estudio de la influencia de un periodo de latencia y del estrés emocional en el reconocimiento de voces. Para el desarrollo del estudio se han aplicado diversos métodos de investigación cualitativa y dos procedimientos experimentales.</subfield>
   </datafield>
   <datafield ind2=" " ind1=" " tag="520">
      <subfield code="a">In this scientific report we expose the final results obtained in the research project "PERCEPTIVE SPEAKER IDENTIFICATION FOR THE FORENSIC ACOUSTICS" funded by the Science and Technology Department (DGCYT PB98-0862). The aim of this investigation is to experiment and validate a systematic protocol to elaborate acoustics discrimination tests in a voice identity parade. The investigation has been carried out in 3 stages: 1) search and settle down of the fundamental variables that work in the acoustics memory to recognize a voice; 2) definition of the peak conditions for the variables/ length of the speech/ dependence on the text/ and/ emotional condition of the speaker/ to stimulate the acoustics memory and 3) Study of the influence of a latent period and of the emotional stress in the recognition of voices. To develop this study, sundries qualitative investigation methods have been applied and two experimental procedures.</subfield>
   </datafield>
   <datafield ind2="0" ind1="0" tag="245">
      <subfield code="a">Desarrollo y validación de un protocolo para la identificación perceptiva forense en ruedas de reconocimiento de voz</subfield>
   </datafield>
</record></metadata></record></GetRecord></OAI-PMH>